Statistiques concernant 15 premiers departements

Cliquez ici pour prendre le quiz!

Statistiques générales

  • Ce quiz a été pris 80 fois
  • Le résultat moyen est 18 sur 21

Statistiques - réponses

HintRéponse% Correct
01Ain
100%
02Aisne
98%
03Allier
94%
06Alpes-Maritimes
92%
07Ardèche
90%
10Aube
90%
11Aude
90%
12Aveyron
90%
13Bouches-du-Rhone
90%
14Calvados
89%
09Ariège
87%
15Cantal
85%
04Alpes-de-Haute-Provence
84%
05Hautes-Alpes
84%
08Ardennes
82%
19Corrèze
82%
16Charente
81%
17Charente-Maritime
81%
2ACorse-du-Sud
76%
2BHaute-Corse
76%
18Cher
71%

Distribution des résultats

Percentile par nombre de réponses

% des personnes avec chaque résultat

Votre développement - résultats

Vous n’avez pas pris ce quiz